| 000 | 00834nam a2200205 a 4500 | ||
|---|---|---|---|
| 008 | 090320s2000 ||||||||||||||||| || u | ||
| 020 | _a0521849667 | ||
| 050 | _aTK 5102.5 Cha | ||
| 100 | _aCha, Philip D | ||
| 245 | 1 | 0 |
_aFundamentals of signals and systems: a building block approach _cby Philip D, Cha and John I. Molinder |
| 260 |
_aNew York: _bCambridge University P _c2000 |
||
| 300 | _axxviii, 431p.: ill + CD-ROM | ||
| 350 | _a0.00 | ||
| 500 | _aAccompanied with a CD-ROM available in the cybrary | ||
| 650 | _aTELECOMMUNICATION | ||
| 650 | _aSYSTEM ANALYSIS--TEXTBOOKS | ||
| 650 | _aSIGNAL PROCESSING--TEXTBOOKS | ||
| 700 | _aMolinder, John I | ||
| 995 |
_D0.00 _FCBU-MAIN LIBRARY (Kitwe) _H1 _I0.00 _M1 _UAVAILABLE _WApr 14, 2009 _ZMain Library Open Access Collection |
||
| 999 |
_c44206 _d44206 |
||